Кладовая памяти

Bibliografiske detaljer
Hovedforfatter: Кончаловская Н. П. Наталья Петровна
Andre forfattere: Алабашьян А. А. (иллюстратор)
Sprog:russisk
Udgivet: Москва, Советский писатель, 1973
Fag:
Format: MixedMaterials Bog
KOHA link:https://koha.lib.tpu.ru/cgi-bin/koha/opac-detail.pl?biblionumber=142051

MARC

LEADER 00000nam0a2200000 4500
001 142051
005 20231101220939.0
035 |a (RuTPU)RU\TPU\book\153950 
090 |a 142051 
100 |a 20080901d1973 m y0rusy50 ca 
101 0 |a rus 
102 |a RU 
105 |a a z 000ay 
200 1 |a Кладовая памяти  |f Н. П. Кончаловская  |g худож. А. А. Алабашьян 
210 |a Москва  |c Советский писатель  |d 1973 
215 |a 344 с.  |c портр., ил. 
610 1 |a русская литература 
610 1 |a рассказы 
675 |a Р2  |v 3 
700 1 |a Кончаловская  |b Н. П.  |c русская писательница  |c дочь художника П. П. Кончаловского  |f 1903-1988  |g Наталья Петровна  |2 stltpush  |3 (RuTPU)RU\TPU\pers\17635  |9 6520 
702 1 |a Алабашьян  |b А. А.  |4 440 
801 1 |a RU  |b 63413507  |c 20080901  |g PSBO 
942 |c BK